Statistics for Peep Show Trivia #1

Click here to take the quiz!

General Stats

  • This quiz has been taken 2,940 times
    (2,135 since last reset)
  • The average score is 16 of 25

Answer Stats

QuestionAnswer% Correct
What sort of animal did Super Hans bring to Mark's party?A snake
92%
What was the name of the dog Jeremy killed?Mummy
89%
Which vegetable did Mark's dad believe is traditional for a Christmas dinner?Cauliflower
86%
Which university did Mark and Jeremy attend?Dartmouth University
86%
What was the name of the loan company that Mark worked for?JLB Credit
83%
What was the name of the hippie dance class Mark and Jeremy went to?Rainbow Rhythms
79%
Whose credit card did Jeremy steal?Johnson's
78%
What disease did Gerard die of?Flu
75%
What is the name of the building Mark and Jeremy live in?Apollo House
70%
What was Mark nicknamed by a group of children in the first episode?Cleanshirt
67%
What was the name of the musician who briefly employed Jeremy as a handyman?The Orgazoid
67%
What is Jeremy's favourite book?Mr. Nice
66%
What is the name of Toni's on/off husband?Tony
66%
Mark bought a doll of which US President?Franklin D. Roosevelt
61%
Mark tried to seduce Toni by talking about which World War II battle?Stalingrad
59%
Who is the most famous person Jeremy claimed to have life-coached?The Queen
59%
Who did Jeremy live with before Mark?Big Suze
58%
What is Mark's sister's name?Sarah
58%
What was the nickname given to all of the television remotes taped together?The Megatron
58%
What was the name of the Australian woman who briefly moved in with Mark?Saz
51%
What is the 'creamy elephant'?A sofa
44%
Who married Sally Slater?Foz
42%
Which actor plays Super Hans?Matt King
35%
What is the name of the first episode of Peep Show?Warring Factions
28%
What was the name of the cult that Jeremy and Super Hans joined?The New Wellness Centre
22%

Score Distribution

Percentile by Number Answered

Percent of People with Each Score

Your Score History

You have not taken this quiz since the last reset